DISCOVERING COMPUTERS ESSENTIALS. (Record no. 217060)

MARC details
000 -LEADER
fixed length control field 00516nam a22001817a 4500
008 - FIXED-LENGTH DATA ELEMENTS--GENERAL INFORMATION
fixed length control field 260428b |||||||| |||| 00| 0 eng d
020 ## - INTERNATIONAL STANDARD BOOK NUMBER
International Standard Book Number 978-1-285-16287-4
050 ## - LIBRARY OF CONGRESS CALL NUMBER
Classification number QA 76.5 .V47 2014
100 ## - MAIN ENTRY--PERSONAL NAME
Personal name VERMAAT, MISTY E.
245 ## - TITLE STATEMENT
Title DISCOVERING COMPUTERS ESSENTIALS.
260 ## - PUBLICATION, DISTRIBUTION, ETC.
Place of publication, distribution, etc. AUSTRALIA,
Name of publisher, distributor, etc. CENGAGE LEARNING.,
Date of publication, distribution, etc. 2014.
300 ## - PHYSICAL DESCRIPTION
Extent XXI, 246 P, ILL
500 ## - GENERAL NOTE
General note INCLUDES INDEX.
650 ## - SUBJECT ADDED ENTRY
Topical term or geographic name entry element COMPUTERS.
700 ## - ADDED ENTRY--PERSONAL NAME
Personal name SEBOK, SUSAN L. 2. FREUND, STEVEN M.
942 ## - ADDED ENTRY ELEMENTS (KOHA)
Source of classification or shelving scheme Library of Congress Classification
Koha item type Long Loan Book
Holdings
Withdrawn status Lost status Source of classification or shelving scheme Damaged status Not for loan Collection Home library Current library Shelving location Date acquired Inventory number Total checkouts Full call number Barcode Date last seen Copy number Price effective from Koha item type
    Library of Congress Classification     Science & Technology Kisii University Library Kisii University Library On Display 04/28/2026 113258   QA 76.5 .V47 2014 A001667 04/28/2026 1 04/28/2026 Long Loan Book
    Library of Congress Classification     Science & Technology Kisii University Library Kisii University Library On Display 04/28/2026 113259   QA 76.5 .V47 2014 A001669 04/28/2026 2 04/28/2026 Long Loan Book
    Library of Congress Classification     Science & Technology Kisii University Library Kisii University Library On Display 04/28/2026 113260   QA 76.5 .V47 2014 A001671 04/28/2026 3 04/28/2026 Long Loan Book